|
|
|
|
| LEADER |
00000nam0a2200000 4500 |
| 001 |
276416 |
| 005 |
20231101234922.0 |
| 035 |
|
|
|a (RuTPU)RU\TPU\book\299679
|
| 090 |
|
|
|a 276416
|
| 100 |
|
|
|a 20141121d1985 km y0rusy5003 ca
|
| 101 |
0 |
|
|a rus
|
| 102 |
|
|
|a RU
|
| 105 |
|
|
|a a z 001zy
|
| 200 |
1 |
|
|a Мир архитектуры. Язык архитектуры
|f А. Э. Гутнов
|
| 210 |
|
|
|a Москва
|c Молодая гвардия
|d 1985
|
| 215 |
|
|
|a 351 с.
|c ил.
|
| 225 |
1 |
|
|a Эврика
|
| 300 |
|
|
|a На пер. авт. не указан
|
| 320 |
|
|
|a Краткий словарь терминов: с. 346-351
|
| 606 |
1 |
|
|a Архитектура
|x Резервы и прогресс
|2 stltpush
|3 (RuTPU)RU\TPU\subj\29467
|9 52784
|
| 610 |
1 |
|
|a архитектурная среда
|
| 610 |
1 |
|
|a архитектурно-композиционные решения
|
| 610 |
1 |
|
|a прочность
|
| 610 |
1 |
|
|a красота
|
| 610 |
1 |
|
|a здания
|
| 610 |
1 |
|
|a постройки
|
| 610 |
1 |
|
|a контрасты
|
| 610 |
1 |
|
|a архитектурные сооружения
|
| 610 |
1 |
|
|a архитектурные проекты
|
| 610 |
1 |
|
|a архитекторы
|
| 610 |
1 |
|
|a прогнозы
|
| 675 |
|
|
|a 72
|z rus
|v 4
|
| 700 |
|
1 |
|a Гутнов
|b А. Э.
|g Алексей Эльбрусович
|4 070
|
| 801 |
|
0 |
|a RU
|b RuMRKP
|c 19950704
|g psbo
|
| 801 |
|
1 |
|a RU
|b 63413507
|c 20141121
|
| 801 |
|
2 |
|a RU
|b 63413507
|c 20170331
|g RCR
|
| 942 |
|
|
|c BK
|